Soul-winning doctrines. (Record no. 11024)

000 -LEADER
fixed length control field 00867nam a2200217 a 4500
001 - CONTROL NUMBER
control field :::00008817$&:&@@
003 - CONTROL NUMBER IDENTIFIER
control field OkBaRHE
005 - DATE AND TIME OF LATEST TRANSACTION
control field 20000607103346.0
008 - FIXED-LENGTH DATA ELEMENTS--GENERAL INFORMATION
fixed length control field s1943 j 000 0 eng u
040 ## - CATALOGING SOURCE
Transcribing agency
100 1# - MAIN ENTRY--PERSONAL NAME
Personal name Turner, J. Clyde.
245 10 - TITLE STATEMENT
Title Soul-winning doctrines.
260 ## - PUBLICATION, DISTRIBUTION, ETC. (IMPRINT)
Place of publication, distribution, etc Nashville,TN., :
Name of publisher, distributor, etc The Sunday School Board of the Southern Baptist Convention
Date of publication, distribution, etc 1943
300 ## - PHYSICAL DESCRIPTION
Extent 133 p. ;
Dimensions 17 cm.
650 ## - SUBJECT ADDED ENTRY--TOPICAL TERM
Topical term or geographic name as entry element Evangelism
942 ## - ADDED ENTRY ELEMENTS (KOHA)
Source of classification or shelving scheme
Koha item type Books
Copies
Full call number Shelving location Source of classification or shelving scheme Damaged status Withdrawn status Date last seen Barcode Copy number Lost status Permanent Location Koha item type Not for loan Price effective from Date acquired
BV 3795 .T8General Stacks   2010-04-1488171 RHEMA Bible Training CollegeBooks 2010-04-142010-04-14
BV 3795 .T8General Stacks   2010-04-14163562 RHEMA Bible Training CollegeBooks 2010-04-142010-04-14
BV 3795 .T8General Stacks   2010-04-14163573 RHEMA Bible Training CollegeBooks 2010-04-142010-04-14
BV 3795 .T8General Stacks   2010-04-14163584 RHEMA Bible Training CollegeBooks 2010-04-142010-04-14